|
|
|
|
| LEADER |
00000nab a2200000 a 4500 |
| 001 |
vtls000877301 |
| 003 |
SK-MaSNL |
| 005 |
20260302160820.0 |
| 008 |
180205c2004 xo 0 slo |
| 015 |
|
|
|a SNBRB2004/06-19548
|
| 035 |
|
|
|a CLN000228853
|
| 040 |
|
|
|a SNKBUCL
|b slo
|c SNKBUCL
|e AACR2
|
| 041 |
0 |
|
|a slo
|
| 044 |
|
|
|a xo
|c SK
|
| 080 |
|
|
|a 636.598.082.1
|2 UDC-MRF-SK2
|
| 080 |
|
|
|a 636.082.1:636.598
|2 UDC-MRF-SK2
|
| 245 |
0 |
0 |
|a Slovenská hus
|
| 300 |
|
|
|b Fotogr.
|
| 650 |
0 |
7 |
|a husi
|2 SNKPH
|9 2825
|
| 650 |
0 |
7 |
|a slovenská biela hus
|2 SNKPH
|9 70873
|
| 650 |
0 |
7 |
|a plemená husí
|2 SNKPH
|9 211967
|
| 655 |
|
7 |
|a články z novín a časopisov
|2 snkbucl
|9 267496
|
| 773 |
0 |
|
|x 1335-9932
|t Magazín chovateľa
|g Roč. 3, č. 4 (2004), s. 35
|
| 850 |
|
|
|a Slovenská národná knižnica v Martine
|
| 852 |
|
|
|a SNK
|b KIS3GCP
|
| 958 |
|
|
|a RBX
|
| 999 |
|
|
|c 1375613
|d 1377543
|